| 000 | 00382 a2200145 4500 | ||
|---|---|---|---|
| 999 |
_c7738 _d7738 |
||
| 020 | _a9788189922375 | ||
| 050 | _aJC571SHA2014 | ||
| 100 |
_aSharma , Lalita _eauthor |
||
| 245 |
_aInternational Human Rights / _cLalita Sharma |
||
| 264 |
_aNew Delhi: _bVenus Books, _c2014 |
||
| 300 | _a285p. : | ||
| 500 | _aincludes index | ||
| 650 | _ahuman rights | ||
| 942 |
_2lcc _cBK _h571 _iSHA _kJC |
||